Statistics for First Names of Football Players #3

Click here to take the quiz!

General Stats

  • This quiz has been taken 47 times
  • The average score is 17 of 20

Answer Stats

HintAnswer% Correct
ZidaneZinedine
98%
CantonaEric
96%
BellinghamJude
94%
SalahMohammed
94%
GiroudOlivier
94%
HenryThierry
94%
TorresFernando
91%
DepayMemphis
89%
FelixJoao
87%
VillaDavid
83%
LingardJesse
83%
GnabrySerge
83%
DybalaPaulo
79%
BuffonGianluigi
77%
SaneLeroy
74%
GakpoCody
72%
HakimiAchraf
70%
TottiFrancesco
70%
AlvarezJulian
68%
DalotDiogo
62%

Score Distribution

Percentile by Number Answered

Percent of People with Each Score

Your Score History

You have not taken this quiz